Word Ladder: Many Splendored Mystery Quiz Stats

 Plays Quiz Updated Jul 4, 2012

Support Sporcle.
Go Orange.
Score 0/35 Timer 03:00
0 Plays Today
HINT WORD % Correct
Everything but the kitchen ____SINK
96.2%
❤ UNWELL ❤❤ SICK ❤
94.6%
Warble or trillSING
81.2%
Gin and tonic wedgeLIME
81.2%
Peruvian capitalLIMA
77.1%
Ready for harvestRIPE
76.8%
Shaft of lightningBOLT
75.9%
❤ SKIFF, DINGHY, OR SCOW ❤❤ BOAT ❤
74.8%
❤ MUSICAL SYMBOL ❤❤ NOTE ❤
74.2%
❤ ____ SUNG BLUE ❤❤ SONG ❤
72.6%
Clue(do) murder weaponROPE
71.4%
RosterLIST
69.6%
Learn by ____ROTE
68.3%
Belly button gnurLINT
68.1%
Love At First ____BITE
66.8%
City of Seven HillsROME
65.3%
Tiger ____ MagazineBEAT
64.7%
Alaskan cityNOME
64.3%
HINT WORD % Correct
Bitter secretionBILE
62.8%
Large catPUMA
62.2%
Larry Bird: The Hick from French ____LICK
62%
____ as a pinNEAT
58.8%
Type of fine cottonPIMA
58.3%
❤ CASUAL SHOE ❤❤ PUMP ❤
57%
HindquartersRUMP
56.7%
Tree trunkBOLE
56.6%
❤ ____ IN THE BIG CITY ❤❤ LIFE ❤
54.9%
Lance ___ Secret ChimpLINK
54.5%
FrolicROMP
54.3%
For fear thatLEST
53.1%
Teeming withRIFE
52.8%
____ At LeedsLIVE
46.8%
❤ AERIE ❤❤ NEST ❤
46.2%
Beer unfit for MimbletonLITE
45.6%
❤ COMMON BOND ❤❤ LOVE ❤
39.6%

Today's Daily Dose

Word Ladder
ING Words

Get the Picture
Nearest Volcano

From the Vault

Geography 'V' Blitz

by nspyred

Veterans of geography should find this valuable.
Remove Ads.
Support Sporcle.
Get the best of Sporcle when you Go Orange. This ad-free experience offers more features, more stats, and more fun while also helping to support Sporcle. Thank you for becoming a member.

Show Comments

Extras

Top Quizzes Today


Score Distribution

Your Account Isn't Verified!

In order to create a playlist on Sporcle, you need to verify the email address you used during registration. Go to your Sporcle Settings to finish the process.

Report this User

Report this user for behavior that violates our Community Guidelines.

Details: